000 01485cam a2200373 a 4500
001 EDZ0000072227
003 StDuBDS
005 20161031105141.0
006 m||||||||d||||||||
007 cr |||||||||||
008 120412s2007 enka fo| 000|0|eng d
020 _a9781446214138 (ebook) :
_cNo price
040 _aStDuBDS
_beng
_cStDuBDS
_epn
049 _aAlfaisal Main Library
050 4 _aLB1060.2
082 0 4 _a371.393
_223
100 1 _aWallace, Fiona.
245 1 0 _aJust stop and think!
_h[electronic resource] :
_bhelping children plan to improve their own behaviour /
_cFiona Wallace.
250 _a2nd ed.
260 _aLondon :
_bPaul Chapman,
_c2007.
300 _a1 online resource (104 p.) :
_bill.
500 _a"A Lucky Duck book".
500 _aPrevious ed.: Bristol: Lucky Duck, 2001.
520 8 _aFor this new edition, the author has revised and expanded the whole book, and added 16 new worksheets. It is ideal for anyone working with pupils experiencing difficulty in school and can be used in group or individual work settings.
521 _aSpecialized.
588 _aDescription based on print version record.
650 0 _aBehavior modification.
650 0 _aSocial skills
_xStudy and teaching.
655 7 _aElectronic books.
_2local
710 2 _aSage eBooks
776 0 8 _iPrint version :
_z9781412928984
856 4 0 _uhttp://ezproxy.alfaisal.edu/login?url=http://sk.sagepub.com/books/just-stop-and-think-2e
942 _2lcc
_cEBOOKS
999 _c480400
_d480400